header

Authoring scientific and technical documents with Microsoft Word 2000 (Record no. 47291)

MARC details
000 -LEADER
fixed length control field 01178nam a2200301Ia 4500
245 00 - TITLE STATEMENT
Title Authoring scientific and technical documents with Microsoft Word 2000
260 ## - PUBLICATION, DISTRIBUTION, ETC. (IMPRINT)
Place of publication Cambridge :
Name of publisher Cambridge International Science Pub.,
Year of publication c2002.
300 ## - PHYSICAL DESCRIPTION
Number of Pages xvii, 160 p. :
Other physical details ill.
500 ## - GENERAL NOTE
General note Includes index.
650 #0 - SUBJECT ADDED ENTRY--TOPICAL TERM
Topical Term Computer software.
Topical Term Computer systems.
700 1# - ADDED ENTRY--PERSONAL NAME
Personal name Podlubny, Igor.
Personal name Kassayova, Katarina.
856 40 - ELECTRONIC LOCATION AND ACCESS
Uniform Resource Identifier http://site.ebrary.com/lib/rucke/Doc?id=10063554

No items available.

© 2026 Rongo University
Contact us: librarian | system librarian | Rongo university